00354nam a2200133Ia 4500008004100000020001500041050002200056245002900078260003800107300001100145650001800156980003100174999001500205151021s9999 xx 000 0 und d a9966285512 aKD2079.6.s741997  a_Company Law Simplified  aNairobi Saleemi Publication 1997  a367p.  a_Company law  a^d20110318 10:40:31^okorir c5498d5498